000 00273nam a22001217a 4500
020 _a9788178845029
082 _a330.91724
100 _aR.Kothekar
245 _aEconomics of poverty
260 _aNew Delhi
_bCybertech publications
_c2009
300 _a256p
942 _cBK
999 _c3351
_d3351